| 000 | 00819cab a2200217 4500 | ||
|---|---|---|---|
| 001 | ABS56780 | ||
| 008 | 090401t1997 xxu||||| |||| 00| 0 eng d | ||
| 035 | _a(Sirsi) u77367 | ||
| 041 | _aeng | ||
| 100 | _aHeard, J. | ||
| 245 | _aRentals - the main approach | ||
| 260 | _c1997 | ||
| 350 | _a0 | ||
| 490 |
_aThe Impugner (RICS Rating Diploma Holders` Section) _v2(2) March 1997, 1-17(17) |
||
| 520 | _aLooks at the rating valuation of commercial rented property. Considers the concept of the hypothetical tenancy in times of recession with reference to case law, the situation where there is lack of rental evidence and cases heard since the 1990 rating lists. | ||
| 650 | _aPROPERTY-COMMERCIAL PROPERTY | ||
| 650 | _aRATING VALUATION | ||
| 690 | _aRATING AND VALUATION | ||
| 942 | _n0 | ||
| 948 | _c25/03/1997 | ||
| 999 |
_c48641 _d48641 |
||